Postavenie Austrálie vo svetovom hospodárstve diplomová práca

Salvato in:
Dettagli Bibliografici
Autore principale: Dej, Peter
Ente Autore: Fakulta medzinárodných vzťahov EU. Katedra medzinárodných ekonomických vzťahov a hospodárskej diplomacie
Altri autori: Lipková, Ľudmila
Natura: Libro
Lingua:slovacco
Pubblicazione: Bratislava 2009
Tags: Aggiungi Tag
Nessun Tag, puoi essere il primo ad aggiungerne!!

MARC

LEADER 00000nam$a2200000$$$4500
001 0104576
005 20240318140909.2
041 0 |a slo 
044 |a SK 
245 1 0 |a Postavenie Austrálie vo svetovom hospodárstve  |b diplomová práca  |c Peter Dej ; škol. Ľudmila Lipková 
264 1 |a Bratislava  |c 2009 
300 |a 75 s. 
100 1 |a Dej, Peter 
700 1 |a Lipková, Ľudmila 
710 2 |a Fakulta medzinárodných vzťahov EU. Katedra medzinárodných ekonomických vzťahov a hospodárskej diplomacie